000
00245 a2200097 4500
001
54363
100
_a
Beiser, Arthur
245
_a
Concepts of Modern Physics, 6th ed
260
_a
Islamabad
_b
NBF Islamabad
_c
2000
090
_c
33860
_d
33860
942
_a
NUST-CAE
_c
MONOGRAPH
_c
26514
999
_c
289436
_d
289436